01398nam0a2200277 4500001002000000005001700020021001900037035002600056100004100082101001300123102000700136105001800143200021200161210007100373215001500444225017100459300006600630300003300696320004500729510007800774606009700852686001300949700010900962801002701071801002201098RU\NLR\bibl\190555320260408204448.0 aRUb2012-31736 a(NLR Aleph) 001895134 a20120521d2012 k y0rusy50 ca0 arusdeng aRU ay |||||||||1 aО среднем количестве наилучших приближений линейных формdOn the average number of best approximations of linear formsfА. А. Илларионовzeng aВладивостокcДальнаукаd2012 (макет 2011) a38 с.d211 aПрепринтdPreprintfРос. акад. наук, Дальневост. отд-ние, Ин-т прикл. математики, Хабар. отд-ниеvN 01 aАвт. также на англ. яз.: Andrey A. Illarionov aРез. на англ. яз. aБиблиогр.: с. 38 (13 назв.)1 6z22790aOn the average number of best approximations of linear formszeng aРешетки (мат.) целочисленныеxМинимумы3RU\NLR\auth\661572333 aВ152.23 140708rus7caaИлларионовbА. А.gАндрей Анатольевич3RU\NLR\auth\77107816 0aRUbNLRc20120521gRCR 1aRUbNLRc20120521